| 000 | 00731nam a22002057a 4500 | ||
|---|---|---|---|
| 005 | 20251108172404.0 | ||
| 008 | 250721s1995 xx 000 0 ara d | ||
| 082 | 1 | 4 | _a341.256505694/دار |
| 245 | 1 | 0 |
_aالسلام : _bدراسة وثائقية لمفاوضات السلام الأردنية الإسرائيلية 1991-1994 / |
| 264 | 1 |
_aعمان : _bدار الناس، _c1995. |
|
| 300 | _a460ص | ||
| 490 | 0 | _aسلسلة الكتاب الذهبي | |
| 650 | 1 | 7 | _aالسلام العربيالإسرائيلي |
| 650 | 1 | 7 | _aالأردن |
| 650 | 1 | 7 | _aالمعاهدات |
| 650 | 1 | 7 | _aالتاريخ |
| 710 | 2 | _aدار الناس للصحافة و النشر و التوزيع | |
| 942 |
_2ddc _cBK |
||
| 999 |
_c77984 _d77984 |
||